01158 a2200205 4500003000500000005001700005010001600022020002300038040000900061082001000070100002800080245013600108260004300244300003300287505046800320650003900788651001100827700002500838856008900863Nust20170207154019.0 a 94014052 a0849324882 (cover) cNust00a006.31 aNeelakanta, Perambur S.10aNeural network modeling-(E-BOOK)bstatistical mechanics and cybernetic perspectives /cPerambur S. Neelakanta, Dolores F. De Groff. aBoca Raton, Fla. :bCRC Press,cc1994. axv, 240 p. :bill. ;c25 cm. a Chapter 1—Introduction, Chapter 2—Neural and Brain Complex, Chapter 3—Concepts of Mathematical Neurobiology, Chapter 4—Pseudo-Thermodynamics of Neural Activity, Chapter 5—The Physics of Neural Activity: A Statistical Mechanics Perspective, Chapter 6—Stochastical Dynamics of the Neural Complex, Chapter 7—Neural Field Theory: Quasiparticle Dynamics and Wave Mechanics Analogies of Neural Networks, Chapter 8—Informatic Aspects of Neurocybernetics 0aNeural networks (Computer science) aE-BOOK1 aDe Groff, Dolores F.423Publisher descriptionuhttp://www.loc.gov/catdir/enhancements/fy0731/94014052-d.html